000 00341pam a2200157a 44500
008 230515b1985 xxu||||| |||| 00| 0 eng d
020 _aNULL
041 _aENGL
082 _a621.2 /JAG
100 _aJAGDISH LAL
245 _aHYDRAULIC MACHINES
250 _aN.D.
260 _aNULL
_bMETRO
_c1985
300 _a585 PB
650 _aNULL
999 _c621622
_d621622